[Event "Jesenik Rapid op"]
[Site "Jesenik"]
[Date "2023.08.18"]
[Round "6"]
[White "Kubat, Pavel"]
[Black "Ondrackova, Veronika"]
[Result "1-0"]
[WhiteElo "2033"]
[BlackElo "1314"]
[PlyCount "78"]
[EventDate "2023.08.18"]
[EventType "swiss (rapid)"]
[EventRounds "9"]
[EventCountry "CZE"]
[SourceTitle "EXT 2024"]
[Source "ChessBase"]
[SourceDate "2023.10.10"]
[SourceVersion "1"]
[SourceVersionDate "2023.10.10"]
[SourceQuality "1"]

1. d4 Nf6 2. Bg5 e6 3. e3 d5 4. Bd3 Be7 5. Nd2 Nbd7 6. f4 h6 7. Bh4 b6 8. Ngf3 Bb7 9. Qe2 0-0 10. 0-0 c5 11. c3 Rc8 12. Kh1 Kh8 13. Rg1 h5 14. Ne5 Nxe5 15. fxe5 Ng4 16. Bxe7 Qxe7 17. h3 Qh4 18. Raf1 g6 19. Rf3 f6 20. Rgf1 Kg7 21. Kg1 Nh6 22. Rf4 Qg5 23. Qf2 f5 24. Bb5 Qe7 25. Qg3 a6 26. Be2 Qf7 27. Bxh5 Kh7 28. Be2 Rg8 29. Qg5 Kg7 30. a4 Rh8 31. Rh4 Rcd8 32. Rxh6 Rxh6 33. Qxd8 Rh8 34. Qg5 Rg8 35. Rf4 Rh8 36. Rh4 Rxh4 37. Qxh4 cxd4 38. exd4 Qc7 39. Nf3 Qf7 1-0

[Event "Jesenik Rapid op"]
[Site "Jesenik"]
[Date "2023.08.18"]
[Round "5"]
[White "Ondrackova, Veronika"]
[Black "Slavinsky, Rostislav"]
[Result "1-0"]
[WhiteElo "1314"]
[BlackElo "1981"]
[PlyCount "111"]
[EventDate "2023.08.18"]
[EventType "swiss (rapid)"]
[EventRounds "9"]
[EventCountry "CZE"]
[SourceTitle "EXT 2024"]
[Source "ChessBase"]
[SourceDate "2023.10.10"]
[SourceVersion "1"]
[SourceVersionDate "2023.10.10"]
[SourceQuality "1"]

1. e4 d6 2. d4 Nf6 3. Nc3 g6 4. Bc4 c6 5. Bg5 h6 6. Bh4 Bg7 7. a3 0-0 8. Nge2 e5 9. dxe5 dxe5 10. 0-0 g5 11. Bg3 Nh5 12. Qxd8 Rxd8 13. Rad1 Re8 14. Rd2 Nd7 15. b4 Nf8 16. Rfd1 Ne6 17. Kh1 Nhf4 18. Kg1 Nxe2+ 19. Nxe2 Nf4 20. Kf1 Kf8 21. Rd6 Be6 22. Bxe6 Nxe6 23. Rd7 Red8 24. Rxd8+ Rxd8 25. Rxd8+ Nxd8 26. Ke1 Ne6 27. Kd2 Ke7 28. Kd3 Kd7 29. c4 b5 30. cxb5 cxb5 31. Nc3 a6 32. Nd5 Nf4+ 33. Bxf4 exf4 34. Nc3 Kc6 35. Ne2 Bb2 36. Nc3 Bxa3 37. Nd5 a5 38. bxa5 b4 39. a6 f5 40. a7 Kb7 41. exf5 Kxa7 42. f6 Kb7 43. Kc4 b3 44. Kxb3 Bf8 45. Kc4 Kc6 46. Ne7+ Kd6 47. Ng6 Ke6 48. Nxf8+ Kxf6 49. Nd7+ Kf5 50. Kd5 g4 51. Nc5 h5 52. Nd3 h4 53. Ne1 f3 54. gxf3 g3 55. fxg3 hxg3 56. hxg3 1-0